Risk South Africa

Detalles Bibliográficos
Formato: Electrónico Revista
Lenguaje:inglés
Publicado: London : Incisive Media Plc
Materias:
Acceso en línea:Full text available from Research Library: 10/01/2009 to 10/31/2013

MARC

LEADER 00000nas a2200000 i 4500
001 ssj0001077885
003 WaSeSS
005 20200512172242.0
006 m d
007 cr n
008 140107c20uu9999enka| p|s|||||| |0eng d
035 |a (WaSeSS)ssj0001077885 
040 |a WaSeSS  |b eng  |c WaSeSS  |d WaSeSS 
043 |a f-sa--- 
050 1 4 |a HG5851.A2 
245 0 0 |a Risk South Africa  |h [electronic resource]. 
260 |a London :  |b Incisive Media Plc 
310 |a Annual 
506 |a License restrictions may limit access. 
588 |a Description based on: Spring 2009; title from article pdf (ProQuest, viewed Jan. 7, 2014). 
588 |a Latest issue consulted: Spring 2013 (viewed Jan. 7, 2014). 
650 0 |a Securities  |z South Africa  |v Periodicals. 
650 0 |a Risk management  |z South Africa  |v Periodicals. 
650 0 |a Venture capital  |z South Africa  |v Periodicals. 
655 0 |a Electronic journals. 
856 4 0 |z Full text available from Research Library: 10/01/2009 to 10/31/2013  |u https://search.proquest.com/publication/55004